000 00731nam a2200253Ia 4500
003 OSt
005 20221006142904.0
006 a|||||r|||| 00| 0
007 ta
008 221006b |||||||| |||| 00| 0 eng d
020 _a9780333404720
_cP33.00
024 _a7,459
037 _cTextual
040 _aEASL
_cEASL
_beng
041 _2eng
_aeng
082 _aV42.M8, M7
100 _aYOKOYAMA Toshio
_9648666
245 0 _aJapan in the Victorian mind
_b A study of stereotyped images of a nation 1850-80
260 _aLondon
_bMacmillan
_c1987
300 _a233p.
_ccm.
490 _v JEL
_aSt Antony's/ Macmillan series
942 _hV42.M8, M7
_cTEXL
_2CC
999 _c1075545
_d1075545